000 00503 a2200169 4500
003 OSt
005 20240117122944.0
008 231208b |||||||| |||| 00| 0 eng d
020 _a9789354825602
040 _coclc
082 _a954.83
_bPAN/K
100 _a Panickassery, Velayudhan
_91773
245 _aKOCHI RAJYACHARITHRAM PURAREKHAKALILOOTE /
_cVelayudhan Panickkaserry
260 _bD C Books,
_c2022.
300 _a142p
942 _2ddc
_cBK
_h954.83
_iPAN/K
_k954.83
_mPAN/K
999 _c44180
_d44180